intro Respiration cellulaire: produire l’énergie chimique - Statistiques

Statistiques générales
  • Ce quiz a été pris 4 fois
  • Le résultat moyen est 3 sur 11
Statistiques - réponses
Par images Réponse % Correct
glycolyse
75%
Phosphorylation oxydative
75%
cycle de l'acide citrique
50%
pyruvate
50%
glucose
25%
ATP
0%
cytosol
0%
électrons transférés par le NADH + H^+
0%
électrons transférés par le NADH + H^+ et FADH2
0%
phosphorylation au niveau du substrat
0%
Phosphorylation oxydative : Transport d’électrons et chimiosmose
0%
Aucun quiz correspondant
Distribution des résultats
% des personnes avec chaque résultat
Percentile par nombre de réponses
Votre historique - résultats
Vous n’avez pas pris ce quiz